<?xml version="1.0" encoding="UTF-8"?><?xml-stylesheet type="text/xsl" href="static/style.xsl"?><OAI-PMH xmlns="http://www.openarchives.org/OAI/2.0/" xmlns:xsi="http://www.w3.org/2001/XMLSchema-instance" xsi:schemaLocation="http://www.openarchives.org/OAI/2.0/ http://www.openarchives.org/OAI/2.0/OAI-PMH.xsd"><responseDate>2026-04-17T03:29:47Z</responseDate><request verb="GetRecord" identifier="oai:www.recercat.cat:2072/457439" metadataPrefix="marc">https://recercat.cat/oai/request</request><GetRecord><record><header><identifier>oai:recercat.cat:2072/457439</identifier><datestamp>2026-04-08T06:39:22Z</datestamp><setSpec>com_2072_98</setSpec><setSpec>col_2072_378192</setSpec></header><metadata><record xmlns="http://www.loc.gov/MARC21/slim" xmlns:dcterms="http://purl.org/dc/terms/" xmlns:xsi="http://www.w3.org/2001/XMLSchema-instance" xmlns:doc="http://www.lyncode.com/xoai" xsi:schemaLocation="http://www.loc.gov/MARC21/slim http://www.loc.gov/standards/marcxml/schema/MARC21slim.xsd">
   <leader>00925njm 22002777a 4500</leader>
   <datafield ind2=" " ind1=" " tag="042">
      <subfield code="a">dc</subfield>
   </datafield>
   <datafield ind2=" " ind1=" " tag="720">
      <subfield code="a">Grande-de-Prado, Mario</subfield>
      <subfield code="e">author</subfield>
   </datafield>
   <datafield ind2=" " ind1=" " tag="720">
      <subfield code="a">Cañón Rodríguez, Ruth</subfield>
      <subfield code="e">author</subfield>
   </datafield>
   <datafield ind2=" " ind1=" " tag="720">
      <subfield code="a">García Martín, Sheila</subfield>
      <subfield code="e">author</subfield>
   </datafield>
   <datafield ind2=" " ind1=" " tag="720">
      <subfield code="a">Cantón Mayo, Isabel</subfield>
      <subfield code="e">author</subfield>
   </datafield>
   <datafield ind2=" " ind1=" " tag="260">
      <subfield code="c">2021</subfield>
   </datafield>
   <datafield ind2=" " ind1=" " tag="520">
      <subfield code="a">Esta investigación tiene como objetivo conocer y analizar la autopercepción que el alumnado que inicia sus estudios en el grado de Maestro de Educación Primaria posee en referencia a su competencia electrónica para resolver problemas técnicos en el entorno digital, por lo que constituye un reto educativo relevante, puesto que se trata de un conocimiento imprescindible en la sociedad actual. El presente examen emplea una metodología descriptivo-interpretativa y ex post facto, utilizando para la recogida de datos un cuestionario dirigido al alumnado del primer curso del grado de Maestro de Educación Primaria de una facultad de Educación durante cuatro años consecutivos. A partir de los resultados obtenidos, se puede afirmar que estos docentes en formación se valoran a sí mismos como competentes. Sin embargo, no debemos olvidar que estos resultados solo muestran la autopercepción de los participantes y que en ellos se encuentran diferencias asociadas al sexo, es decir, los varones del estudio se valoran más competentes y parecen sentirse más seguros ante los problemas que puedan surgir con los dispositivos digitales que las mujeres.</subfield>
   </datafield>
   <datafield ind2=" " ind1=" " tag="520">
      <subfield code="a">Aquesta investigació té com a objectiu conèixer i analitzar l'autopercepció que posseeix l'alumnat que inicia els estudis en el grau de Mestre d'Educació Primària en referència a la seva competència electrònica per resoldre problemes tècnics en l'entorn digital, per la qual cosa aquesta qüestió esdevé un repte educatiu rellevant, atès que es tracta d'un coneixement imprescindible en la societat actual. El present examen fa servir una metodologia descriptivointerpretativa i ex post facto, utilitzant per a la recollida de dades un qüestionari adreçat a l'alumnat del primer curs del grau de Mestre d'Educació Primària d'una facultat d'Educació durant quatre anys consecutius. En base als resultats obtinguts, es pot afirmar que aquests docents en formació es valoren a si mateixos com a competents, però no hem d'oblidar que aquests resultats només ens en mostren l'autopercepció i que es troben diferències associades al sexe, és a dir, els homes de l'estudi es consideren més competents i sembla que se sentin més segurs davant dels problemes que puguin sorgir amb els dispositius digitals que les dones.</subfield>
   </datafield>
   <datafield ind2=" " ind1=" " tag="520">
      <subfield code="a">The aim of this research is to determine and analyze the self-perception of first-year students in the bachelor's degree in primary teacher education regarding their skills to resolve technical problems in the digital environment. Digital competence is essential is today's society and constitutes a significant educational challenge. A descriptive-interpretative and ex post facto methodology was used. Data were collected by means of a questionnaire administered to first-year students over a period of four consecutive years. The results indicate that teacher trainees consider themselves to be digitally competent, although it should be noted that these results only show the students' self-perception. Some differences related to sex have been found. Specifically, the men in the study rated themselves as being more digitally competent and seem to feel more confident about problems that may arise with digital devices than the women.</subfield>
   </datafield>
   <datafield tag="653" ind2=" " ind1=" ">
      <subfield code="a">Formación del profesorado</subfield>
   </datafield>
   <datafield tag="653" ind2=" " ind1=" ">
      <subfield code="a">TIC</subfield>
   </datafield>
   <datafield tag="653" ind2=" " ind1=" ">
      <subfield code="a">Educación superior</subfield>
   </datafield>
   <datafield tag="653" ind2=" " ind1=" ">
      <subfield code="a">Resolución de problemas</subfield>
   </datafield>
   <datafield tag="653" ind2=" " ind1=" ">
      <subfield code="a">Tecnología digital</subfield>
   </datafield>
   <datafield tag="653" ind2=" " ind1=" ">
      <subfield code="a">Competencia digital</subfield>
   </datafield>
   <datafield tag="653" ind2=" " ind1=" ">
      <subfield code="a">Competència digital</subfield>
   </datafield>
   <datafield tag="653" ind2=" " ind1=" ">
      <subfield code="a">Resolució de problemes</subfield>
   </datafield>
   <datafield tag="653" ind2=" " ind1=" ">
      <subfield code="a">Formació del professorat</subfield>
   </datafield>
   <datafield tag="653" ind2=" " ind1=" ">
      <subfield code="a">Educació superior</subfield>
   </datafield>
   <datafield tag="653" ind2=" " ind1=" ">
      <subfield code="a">Tecnologia digital</subfield>
   </datafield>
   <datafield tag="653" ind2=" " ind1=" ">
      <subfield code="a">Digital competence</subfield>
   </datafield>
   <datafield tag="653" ind2=" " ind1=" ">
      <subfield code="a">Troubleshooting</subfield>
   </datafield>
   <datafield tag="653" ind2=" " ind1=" ">
      <subfield code="a">Teacher training</subfield>
   </datafield>
   <datafield tag="653" ind2=" " ind1=" ">
      <subfield code="a">ICT</subfield>
   </datafield>
   <datafield tag="653" ind2=" " ind1=" ">
      <subfield code="a">Higher education</subfield>
   </datafield>
   <datafield tag="653" ind2=" " ind1=" ">
      <subfield code="a">Digital technology</subfield>
   </datafield>
   <datafield ind2="0" ind1="0" tag="245">
      <subfield code="a">Competencia digital : docentes en formación y resolución de problemas</subfield>
   </datafield>
</record></metadata></record></GetRecord></OAI-PMH>